[Event "Torino Martedi-A 3rd"]
[Site "Torino"]
[Date "2013.10.22"]
[Round "6"]
[White "Pulito, Alberto"]
[Black "Boetto, Massimo"]
[Result "1-0"]
[WhiteElo "2285"]
[BlackElo "1999"]
[PlyCount "49"]
[EventDate "2013.09.17"]
[EventType "tourn"]
[EventRounds "7"]
[EventCountry "ITA"]
[SourceTitle "EXT 2015"]
[Source "ChessBase"]
[SourceDate "2014.11.20"]
[SourceVersion "1"]
[SourceVersionDate "2014.11.20"]
[SourceQuality "1"]

1. e4 e6 2. d4 d5 3. Nc3 Nf6 4. Bg5 Bb4 5. Nge2 dxe4 6. a3 Be7 7. Bxf6 Bxf6 8. Nxe4 Nd7 9. Qd2 b6 10. g3 Bb7 11. Bg2 Bxe4 12. Bxe4 Rb8 13. 0-0-0 0-0 14. c3 b5 15. Qc2 g6 16. h4 Be7 17. h5 Nf6 18. hxg6 hxg6 19. Bd3 a5 20. Nf4 Qd7 21. g4 b4 22. Bxg6 fxg6 23. Nxg6 bxc3 24. b3 Qd5 25. Nxe7+ 1-0

[Event "Torino Martedi-A 3rd"]
[Site "Torino"]
[Date "2013.10.01"]
[Round "3"]
[White "Manni, Stefano"]
[Black "Boetto, Massimo"]
[Result "1-0"]
[WhiteElo "2010"]
[BlackElo "1999"]
[PlyCount "79"]
[EventDate "2013.09.17"]
[EventType "tourn"]
[EventRounds "7"]
[EventCountry "ITA"]
[SourceTitle "EXT 2015"]
[Source "ChessBase"]
[SourceDate "2014.11.20"]
[SourceVersion "1"]
[SourceVersionDate "2014.11.20"]
[SourceQuality "1"]

1. d4 Nf6 2. c4 g6 3. Nf3 Bg7 4. Nc3 0-0 5. e4 d6 6. Be2 e5 7. 0-0 Nc6 8. Be3 Ng4 9. Bg5 f6 10. Bc1 f5 11. Bg5 Qe8 12. d5 Nd4 13. Nxd4 exd4 14. Nb5 Qe5 15. f4 Qxe4 16. Bxg4 fxg4 17. Re1 Qf5 18. Nxd4 Bxd4+ 19. Qxd4 Bd7 20. Re7 Rf7 21. Rae1 Raf8 22. Rxf7 Rxf7 23. Qxa7 h6 24. Bxh6 Qd3 25. b3 b6 26. Qxc7 Qd4+ 27. Kh1 Qf2 28. Rg1 Bf5 29. Qd8+ Kh7 30. Qe8 Ra7 31. Bg5 g3 32. hxg3 Kg7 33. Qe1 Qxa2 34. Qc3+ Kg8 35. Re1 Qf2 36. Re8+ Kf7 37. Qh8 Ra1+ 38. Qxa1 Kxe8 39. Qh8+ Kf7 40. Qf6+ 1-0

[Event "Monte Sabotino op"]
[Site "Torino"]
[Date "2012.12.11"]
[Round "6"]
[White "Manni, Stefano"]
[Black "Boetto, Massimo"]
[Result "0-1"]
[WhiteElo "2044"]
[BlackElo "1949"]
[PlyCount "62"]
[EventDate "2012.11.06"]
[EventType "swiss"]
[EventRounds "7"]
[EventCountry "ITA"]
[SourceTitle "EXT 2015"]
[Source "ChessBase"]
[SourceDate "2014.11.20"]
[SourceVersion "1"]
[SourceVersionDate "2014.11.20"]
[SourceQuality "1"]

1. d4 Nf6 2. Nf3 g6 3. c4 Bg7 4. Nc3 0-0 5. e4 d6 6. Be2 e5 7. 0-0 Nc6 8. d5 Ne7 9. Ne1 Nd7 10. Be3 f5 11. f3 f4 12. Bf2 g5 13. Nd3 Nf6 14. c5 Ng6 15. Rc1 Rf7 16. cxd6 cxd6 17. Nb5 a6 18. Na3 b5 19. Nb4 g4 20. Qc2 g3 21. hxg3 fxg3 22. Bxg3 Nh5 23. Bf2 Ngf4 24. Nd3 Qg5 25. Nxf4 exf4 26. Rfe1 Ng3 27. Qd2 Qh4 28. Bd4 Bxd4+ 29. Qxd4 Rg7 30. Qd3 Qh1+ 31. Kf2 Nxe4+ 0-1

[Event "Torino Estate Alfieri A"]
[Site "Torino"]
[Date "2011.05.24"]
[Round "4"]
[White "Boetto, Massimo"]
[Black "Longo, Enrico"]
[Result "0-1"]
[WhiteElo "2009"]
[BlackElo "1880"]
[PlyCount "50"]
[EventDate "2011.05.03"]
[EventType "tourn"]
[EventRounds "7"]
[EventCountry "ITA"]
[SourceTitle "EXT 2024"]
[Source "ChessBase"]
[SourceDate "2023.10.10"]
[SourceVersion "1"]
[SourceVersionDate "2023.10.10"]
[SourceQuality "1"]

1. e4 d6 2. d4 Nf6 3. Nc3 g6 4. f4 Bg7 5. Nf3 0-0 6. Bd3 c5 7. dxc5 Qa5 8. cxd6 Nxe4 9. Bxe4 Bxc3+ 10. bxc3 exd6 11. 0-0 Re8 12. Bd3 Qxc3 13. Bd2 Qc5+ 14. Kh1 Nc6 15. Re1 Bg4 16. Rxe8+ Rxe8 17. Qg1 Qd5 18. Qf2 Bf5 19. Bxf5 Qxf5 20. Nd4 Qc5 21. Be3 Qc3 22. Re1 Nxd4 23. Bd2 Rxe1+ 24. Bxe1 Qa1 25. Kg1 Nxc2 0-1

[Event "Torino Alfieri op-A"]
[Site "Torino"]
[Date "2010.05.30"]
[Round "4"]
[White "Quagliana, Giuseppe"]
[Black "Boetto, Massimo"]
[Result "1/2-1/2"]
[WhiteElo "2029"]
[BlackElo "1991"]
[PlyCount "32"]
[EventDate "2010.05.04"]
[EventType "tourn"]
[EventRounds "7"]
[EventCountry "ITA"]
[SourceTitle "EXT 2024"]
[Source "ChessBase"]
[SourceDate "2023.10.10"]
[SourceVersion "1"]
[SourceVersionDate "2023.10.10"]
[SourceQuality "1"]

1. d4 Nf6 2. c4 g6 3. Nc3 Bg7 4. e4 d6 5. Be2 0-0 6. Nf3 e5 7. 0-0 Nc6 8. d5 Ne7 9. Ne1 Nd7 10. f3 f5 11. Bd2 Nf6 12. g4 h5 13. g5 Nh7 14. h4 f4 15. Rc1 Nxg5 16. hxg5 Nf5 1/2-1/2

[Event "Torino Alfieri op-A"]
[Site "Torino"]
[Date "2010.05.04"]
[Round "1"]
[White "Boetto, Massimo"]
[Black "Longo, Enrico"]
[Result "1-0"]
[WhiteElo "1991"]
[BlackElo "1946"]
[PlyCount "83"]
[EventDate "2010.05.04"]
[EventType "tourn"]
[EventRounds "7"]
[EventCountry "ITA"]
[SourceTitle "EXT 2024"]
[Source "ChessBase"]
[SourceDate "2023.10.10"]
[SourceVersion "1"]
[SourceVersionDate "2023.10.10"]
[SourceQuality "1"]

1. e4 d6 2. d4 Nf6 3. Nc3 g6 4. f4 c6 5. Nf3 Bg4 6. h3 Bxf3 7. Qxf3 Bg7 8. Be3 0-0 9. Bd3 Re8 10. 0-0 e5 11. dxe5 dxe5 12. fxe5 Rxe5 13. Qf2 Re7 14. Bxa7 Nbd7 15. Bd4 Ne5 16. Rad1 Nfd7 17. a3 Qc7 18. Nb1 c5 19. Be3 c4 20. Be2 Qc6 21. Nc3 Nf6 22. Bf3 Re6 23. Nd5 h5 24. Bg5 Rae8 25. Bxf6 Bxf6 26. Bxh5 Bg7 27. Bf3 Bf8 28. Kh1 Bc5 29. Qd2 Kg7 30. Qc3 Rh8 31. b4 Bd6 32. Ne3 f6 33. Rd5 Nf7 34. Qxc4 Qb6 35. Rb5 Qxe3 36. Qxe6 Qf4 37. Kg1 Qh2+ 38. Kf2 Qg3+ 39. Ke2 Rd8 40. Rd1 Qf4 41. Rxb7 Rf8 42. Qxd6 1-0

[Event "Torino Province-ch"]
[Site "Torino"]
[Date "2010.03.02"]
[Round "4"]
[White "Boetto, Massimo"]
[Black "Di Chiara, Mauro"]
[Result "1/2-1/2"]
[WhiteElo "2010"]
[BlackElo "1870"]
[PlyCount "112"]
[EventDate "2010.02.09"]
[EventType "swiss"]
[EventRounds "7"]
[EventCountry "ITA"]
[SourceTitle "EXT 2024"]
[Source "ChessBase"]
[SourceDate "2023.10.10"]
[SourceVersion "1"]
[SourceVersionDate "2023.10.10"]
[SourceQuality "1"]

1. e4 d6 2. d4 Nf6 3. Nc3 g6 4. f4 Bg7 5. Nf3 0-0 6. Bd3 Na6 7. 0-0 c5 8. d5 Nc7 9. a4 e6 10. dxe6 fxe6 11. Kh1 Nh5 12. Ng5 h6 13. Nh3 Qh4 14. Be2 e5 15. f5 Ne8 16. Be3 Qe7 17. Bxh5 gxh5 18. Qxh5 Nf6 19. Qg6 Qf7 20. Qxf7+ Kxf7 21. Rad1 Ke7 22. Nd5+ Nxd5 23. Rxd5 b6 24. Rfd1 Rd8 25. Nf2 Bb7 26. R5d2 Rd7 27. c4 Bc6 28. b3 a6 29. Ra2 Rdd8 30. Kg1 b5 31. axb5 axb5 32. Rda1 Rxa2 33. Rxa2 bxc4 34. bxc4 Ra8 35. Rxa8 Bxa8 36. Kf1 Bc6 37. Ke2 h5 38. g3 Kf7 39. h3 Kg8 40. g4 hxg4 41. hxg4 Be8 42. g5 Bf7 43. Kd3 Bh5 44. Nh1 Kf7 45. Ng3 Bg4 46. Bd2 Bf8 47. Nf1 Be7 48. Ne3 Bh3 49. Nd5 Bf1+ 50. Kc3 Bd8 51. Ne3 Be2 52. g6+ Kg7 53. Kc2 Bg5 54. Nf1 Bxf1 55. Bxg5 Bxc4 56. Be7 d5 1/2-1/2

[Event "Piemonte-ch"]
[Site "Turin"]
[Date "2008.04.24"]
[Round "5"]
[White "Quagliana, Giuseppe"]
[Black "Boetto, Massimo"]
[Result "0-1"]
[WhiteElo "2071"]
[BlackElo "2022"]
[PlyCount "140"]
[EventDate "2008.04.20"]
[EventType "swiss"]
[EventRounds "9"]
[EventCountry "ITA"]
[SourceTitle "EXT 2011"]
[Source "ChessBase"]
[SourceDate "2010.11.26"]
[SourceVersion "1"]
[SourceVersionDate "2010.11.26"]
[SourceQuality "1"]

1. d4 Nf6 2. Bf4 g6 3. e3 Bg7 4. Nf3 d6 5. Be2 0-0 6. 0-0 b6 7. c4 c5 8. Nc3 cxd4 9. exd4 Bb7 10. Rc1 Nbd7 11. d5 Rc8 12. h3 a6 13. Qd2 b5 14. cxb5 axb5 15. Bxb5 Nb6 16. Bh6 Nbxd5 17. Bxg7 Kxg7 18. Nxd5 Bxd5 19. a4 Bxf3 20. gxf3 Qb6 21. Qe3 Qb7 22. b3 Nd5 23. Qd2 Nc7 24. Qc3+ Kg8 25. Bd7 Rcd8 26. Qxc7 Rxd7 27. Qxb7 Rxb7 28. Rc3 Rfb8 29. Re1 e6 30. Ree3 d5 31. Red3 Rb4 32. Kg2 g5 33. Kg3 h5 34. Kg2 Kg7 35. Rc1 Rxb3 36. Rxb3 Rxb3 37. Ra1 Rb6 38. a5 Ra6 39. Kf1 Kf6 40. Ke2 Ke5 41. Ra4 f5 42. Kd3 Kd6 43. h4 gxh4 44. Rxh4 Rxa5 45. Rxh5 Ra3+ 46. Ke2 f4 47. Rh8 Ra2+ 48. Ke1 Kc5 49. Re8 Ra6 50. Rc8+ Rc6 51. Ra8 Kd4 52. Kd2 e5 53. Ra3 Rc4 54. Rb3 Ra4 55. Rb2 e4 56. fxe4 Kxe4 57. Rb3 Ra2+ 58. Ke1 d4 59. f3+ Kd5 60. Rb5+ Kc4 61. Rf5 Kc3 62. Rf8 d3 63. Rc8+ Kd4 64. Re8 Re2+ 65. Rxe2 dxe2 66. Kxe2 Kc3 67. Ke1 Kd3 68. Kf1 Ke3 69. Ke1 Kxf3 70. Kf1 Ke3 0-1

[Event "Piemonte-ch"]
[Site "Turin"]
[Date "2008.04.23"]
[Round "4"]
[White "Boetto, Massimo"]
[Black "Martin, Tiziano"]
[Result "1/2-1/2"]
[WhiteElo "2022"]
[BlackElo "1977"]
[PlyCount "66"]
[EventDate "2008.04.20"]
[EventType "swiss"]
[EventRounds "9"]
[EventCountry "ITA"]
[SourceTitle "EXT 2011"]
[Source "ChessBase"]
[SourceDate "2010.11.26"]
[SourceVersion "1"]
[SourceVersionDate "2010.11.26"]
[SourceQuality "1"]

1. e4 e6 2. d4 d5 3. e5 Bd7 4. Nf3 a6 5. Be3 Bb5 6. Nbd2 Bxf1 7. Kxf1 Nd7 8. Nb3 c6 9. g3 Qc7 10. Kg2 c5 11. Nxc5 Nxc5 12. dxc5 Bxc5 13. Bxc5 Qxc5 14. Qd4 Qxd4 15. Nxd4 Rc8 16. c3 Ne7 17. Rhe1 Nc6 18. Rad1 b5 19. a4 bxa4 20. Nxc6 Rxc6 21. Rd4 a3 22. bxa3 Rxc3 23. Rb1 0-0 24. a4 Rfc8 25. Rdb4 R3c4 26. Rb8 g6 27. Rxc8+ Rxc8 28. Rb6 Ra8 29. a5 Ra7 30. Kf3 Kf8 31. Ke3 Ke7 32. g4 h6 33. h4 Kd7 1/2-1/2

[Event "Turin Autumn op"]
[Site "Turin"]
[Date "2006.11.??"]
[Round "3"]
[White "Matta, Francesca"]
[Black "Boetto, Massimo"]
[Result "0-1"]
[WhiteElo "1866"]
[BlackElo "1994"]
[PlyCount "66"]
[EventDate "2006.10.28"]
[EventType "swiss"]
[EventRounds "7"]
[EventCountry "ITA"]
[SourceTitle "EXT 2011"]
[Source "ChessBase"]
[SourceDate "2010.11.26"]
[SourceVersion "1"]
[SourceVersionDate "2010.11.26"]
[SourceQuality "1"]

1. e4 e6 2. d4 d5 3. Nc3 Nf6 4. Bg5 Bb4 5. e5 h6 6. Bd2 Bxc3 7. bxc3 Ne4 8. Bd3 Nxd2 9. Qxd2 c5 10. Nf3 c4 11. Be2 Nc6 12. 0-0 Qa5 13. h3 Bd7 14. Nh2 0-0-0 15. Ng4 Ne7 16. Ne3 Ba4 17. Bxc4 dxc4 18. Nxc4 Qd5 19. Nd6+ Rxd6 20. exd6 Bc6 21. f4 Nf5 22. Rfe1 Qxd6 23. a4 Nh4 24. Re2 Bxg2 25. Qe3 Bc6 26. Rf2 Qd5 27. Kh2 g5 28. fxg5 Nf3+ 29. Kg3 Nxg5 30. Re2 Rg8 31. h4 Ne4+ 32. Kh2 Qd6+ 33. Kh1 Nf2# 0-1

[Event "Turin Epifania op"]
[Site "Turin"]
[Date "2006.01.??"]
[Round "2"]
[White "Boetto, Massimo"]
[Black "Pepino, Enrico"]
[Result "0-1"]
[WhiteElo "1994"]
[BlackElo "2157"]
[PlyCount "62"]
[EventDate "2006.01.04"]
[EventType "swiss"]
[EventRounds "7"]
[EventCountry "ITA"]
[SourceTitle "EXT 2011"]
[Source "ChessBase"]
[SourceDate "2010.11.26"]
[SourceVersion "1"]
[SourceVersionDate "2010.11.26"]
[SourceQuality "1"]

1. e4 c5 2. Nf3 d6 3. d4 cxd4 4. Nxd4 Nf6 5. Nc3 g6 6. Be3 Bg7 7. f3 0-0 8. Bc4 Nc6 9. Qd2 Bd7 10. 0-0-0 b5 11. Bxb5 Ne5 12. Bd3 Qb8 13. h4 Rc8 14. h5 Qb7 15. hxg6 fxg6 16. Nde2 Rab8 17. b3 Qb4 18. Nb1 Nxd3+ 19. Qxd3 a5 20. Bd4 a4 21. Bc3 axb3 22. axb3 Qb6 23. e5 dxe5 24. Ng3 Be6 25. Bxe5 Bxb3 26. Nc3 Bc4 27. Qd4 Qb2+ 28. Kd2 Rd8 29. Rb1 Rxd4+ 30. Bxd4 Qxb1 31. Rxb1 Rd8 0-1

[Event "Piemonte-ch 06"]
[Site "Turin"]
[Date "2005.12.05"]
[Round "4"]
[White "Boetto, Massimo"]
[Black "Bjarnason, Oskar"]
[Result "1/2-1/2"]
[WhiteElo "2000"]
[BlackElo "2258"]
[PlyCount "63"]
[EventDate "2005.12.03"]
[EventType "swiss"]
[EventRounds "7"]
[EventCountry "ITA"]
[SourceTitle "EXT 2008"]
[Source "ChessBase"]
[SourceDate "2007.11.25"]
[SourceVersion "1"]
[SourceVersionDate "2007.11.25"]
[SourceQuality "1"]

1. e4 d5 2. exd5 Qxd5 3. Nc3 Qa5 4. d4 Nf6 5. Bc4 Nc6 6. Nf3 Bg4 7. Bb5 0-0-0 8. Bxc6 bxc6 9. Qd3 Bxf3 10. Qxf3 Kb7 11. b4 Qh5 12. Qxh5 Nxh5 13. Be3 e6 14. Ke2 Nf6 15. Na4 Rb8 16. a3 Nd5 17. c4 Nb6 18. Nb2 Kc8 19. c5 Nd5 20. Nc4 f6 21. g4 h5 22. g5 f5 23. f4 g6 24. Ne5 Ne7 25. Nc4 Bg7 26. Rhd1 Nd5 27. Rd3 Kd7 28. Kf3 Rb5 29. Rb1 Rhb8 30. Rdb3 R5b7 31. Na5 Rb5 32. Nc4 1/2-1/2

[Event "Piemonte-ch 06"]
[Site "Turin"]
[Date "2005.12.04"]
[Round "3"]
[White "Malano, Francesco"]
[Black "Boetto, Massimo"]
[Result "0-1"]
[WhiteElo "2037"]
[BlackElo "2000"]
[PlyCount "62"]
[EventDate "2005.12.03"]
[EventType "swiss"]
[EventRounds "7"]
[EventCountry "ITA"]
[SourceTitle "EXT 2008"]
[Source "ChessBase"]
[SourceDate "2007.11.25"]
[SourceVersion "1"]
[SourceVersionDate "2007.11.25"]
[SourceQuality "1"]

1. Nf3 Nf6 2. d4 g6 3. b3 Bg7 4. c4 0-0 5. Bb2 d6 6. g3 c6 7. Bg2 a6 8. a4 a5 9. 0-0 Na6 10. Nc3 Nb4 11. e4 Qb6 12. h3 Ne8 13. Bc1 Nc7 14. Be3 Ne6 15. Rb1 f5 16. Qd2 c5 17. dxc5 dxc5 18. Nd5 Nxd5 19. exd5 Nd4 20. Rfd1 f4 21. Bxd4 cxd4 22. g4 h5 23. Nxd4 hxg4 24. hxg4 f3 25. Bh3 Be5 26. Qd3 Qf6 27. Qe4 Ra6 28. Rd3 Bxd4 29. Qxd4 Qh4 30. Kh2 g5 31. Re1 Rh6 0-1